| 000 | 00475nam a22001577a 4500 | ||
|---|---|---|---|
| 003 | NUST - PNEC | ||
| 005 | 20170116181156.0 | ||
| 008 | 160112b xxu||||| |||| 00| 0 eng d | ||
| 040 | _cLIBRARY | ||
| 082 | _a920.71 MOI | ||
| 100 |
_915955 _aMoin ur Rehman, Sayed |
||
| 245 |
_aAAb beti Rasheed Ahmed Sadiqui (Hayat, Uftad aur fatohaat) _cDr. Sayed Moin ur Rehman |
||
| 260 |
_aLahore: _bSang-e-Meel Publications; |
||
| 650 |
_915959 _aBiography _xGeneral |
||
| 942 |
_2ddc _cBK |
||
| 999 |
_c71224 _d71224 |
||